000
00300nam a2200097Ia 4500
008
220214s9999 xx 000 0 und d
245
0
_a
American Chemical Society Rubber Division Meeting Papers, Minneapolis, Minnesota
260
_b
ACS
_a
Minnesota
500
_a
Starting Volume & Year: 1976,
942
_c
BJ
999
_c
6193
_d
6193